Bands with Poor Grammar - Statistics

General Stats
  • This quiz has been taken 62 times
  • The average score is 9 of 18
Answer Stats
Song Name Year Answer % Correct
Let It Be 1970 The Beatles
96%
Stairway to Heaven 1971 Led Zeppelin
83%
Hey Ya! 2003 Outkast
66%
I'm a Believer 1967 The Monkees
64%
Pour Some Sugar on Me 1987 Def Leppard
60%
Royals 2013 Lorde
57%
Blinding Lights 2020 The Weeknd
55%
Buddy Holly 1994 Weezer
55%
Turn! Turn! Turn! 1965 The Byrds
49%
Kickstart My Heart 1989 Mötley Crüe
47%
Freak on a Leash 1998 Korn
45%
Rollin' 2000 Limp Bizkit
38%
What I've Done 2007 Linkin Park
32%
Symphony of Destruction 1992 Megadeth
32%
Round and Round 1984 Ratt
30%
Get Down on It 1981 Kool & the Gang
23%
Still In to You 2013 Paramore
17%
Act a Fool 2003 Ludacris
13%
No matching quizzes found
Score Distribution
Percent of People with Each Score
Percentile by Number Answered
Your Score History
You have not taken this quiz